| 000 | 00795nam a2200253Ia 4500 | ||
|---|---|---|---|
| 003 | OSt | ||
| 005 | 20221005035112.0 | ||
| 006 | a|||||r|||| 00| 0 | ||
| 007 | ta | ||
| 008 | 221004b |||||||| |||| 00| 0 eng d | ||
| 020 | _c450 | ||
| 024 | _a4024 | ||
| 037 |
_b8558, 25/03/2013, Bookwell Publications _cTextual |
||
| 040 |
_aCRL _cCRL _beng |
||
| 041 |
_2eng _aeng |
||
| 082 | _aDelta73.2'M, P5 | ||
| 100 |
_aBilgrami Fatima Zehra _9587964 |
||
| 245 | 0 |
_aHistroy of the qadiri order in India _b 16th to 18th century |
|
| 260 |
_aDelhi _bIdarah i Adabiyat i Delli India _c2005 |
||
| 300 |
_a6,398p. _ccm. |
||
| 650 | _aSPIRITUALISM | ||
| 942 |
_hDelta73.2'M, P5 _cTEXL _2cc |
||
| 999 |
_c944587 _d944587 |
||